Statistics for Rock Bands A-Z

Click here to take the quiz!

General Stats

  • This quiz has been taken 131 times
    (126 since last reset)
  • The average score is 19 of 26

Answer Stats

HintLetterAnswer% Correct
John, Paul, George and Ringo.BBeatles
97%
Iconic band of Brian May and the late Freddie Mercury.QQueen
97%
Band of Axl, Slash, Duff and Co.GGuns N' Roses
94%
Seattle grunge icons featuring the late Kurt Cobain.NNirvana
94%
Band of Keith Richards & Mick Jagger. They wrote "Paint It Black".RThe Rolling Stones
94%
Brothers Noel & Liam Gallagher's band, behind "Wonderwall".OOasis
92%
L.A. band behind "Hotel California" & "One of These Nights".EThe Eagles
92%
Huge metal/hard rock band behind "Enter Sandman".MMetallica
91%
Band fronted by Dave Grohl after Nirvana.FFoo Fighters
90%
Biggest Irish band of all time, featuring Bono & the Edge.UU2
89%
Steve Tyler & Joe Perry's band, behind "I Don't Want to Miss a Thing".AAerosmith
88%
Band behind "Sweet Home Alabama" & "Free Bird".LLynyrd Skynyrd
83%
Band of David Lee Roth & brothers Eddie & Alex.VVan Halen
82%
Melancholic band of Chris Martin. They really like yellow.CColdplay
81%
Psychedelic rock band of the late Jim Morrison.DThe Doors
81%
Very beardy Texan hard rockers behind the song "Legs".ZZZ Top
77%
Eddie Vedder's band. They wrote "Alive", "Jeremy", and "Even Flow".PPearl Jam
72%
60's English rockers behind "Lola" & "You Really Got Me".KThe Kinks
70%
Band of the late Keith Moon. They really like pinball.WThe Who
64%
In another universe they might be called Owlie & the Pufferfish.HHootie and The Blowfish
50%
Australian rock band of the late Michael Hutchence.IINXS
50%
60's UK band featuring Jimmy Page, Jeff Beck & Eric Clapton.YThe Yardbirds
49%
Band of Billy Corgan, who despite all his rage is still just a rat in a cage.SSmashing Pumpkins
47%
UK glam rockers behind "Get It On" & "Electric Warriors".TT. Rex
39%
Funk band behind "Virtual Insanity" whose singer loves big stupid hats.JJamiroquai
29%
UK new wavers whose name sounds like a party drug.XXTC
26%

Score Distribution

Percentile by Number Answered

Percent of People with Each Score

Your Score History

You have not taken this quiz since the last reset